| 000 | 01805aam a2200361 a 4500 | ||
|---|---|---|---|
| 003 | AR-RoUNCS | ||
| 005 | 20260505161650.0 | ||
| 007 | ta | ||
| 008 | 131007s2009 ag |r 00| j spa | ||
| 020 | _a978-987-1565-11-5 | ||
| 040 |
_aAR-BaBN _bspa _cAR-RoUNCS |
||
| 041 | 1 |
_aspa _heng _hger |
|
| 080 | _a82-34 | ||
| 245 | 0 | 0 |
_aCuentos + cuentos / _cHawthorne ... [et al.]. |
| 246 | 3 | 3 | _aCuentos más cuentos |
| 250 | _a1a ed. | ||
| 260 |
_aCiudad Autónoma de Buenos Aires : _bLetra Impresa, _cc2009. |
||
| 300 |
_a110 p. ; _c20 cm. |
||
| 490 | 0 |
_aGeneración Z. Antología ; _v1 |
|
| 505 | 0 |
_tEl pan duro de esa bruja / _rO. Henry -- _tEl pozo / _rRicardo Güiraldes -- _tLas tres muertes de señor Higginbotham / _rNathaniel Hawthorne -- _tLa mendiga de Locarno / _rHeinrich von Kleist -- _tLos ladrones de cadáveres / _rRobet Louis Stevenson -- _tEl nuevo acelerador / _rHerbert George Wells -- _tEl hombre sin cuerpo / _rEdward Page Mitchell. |
|
| 520 | 3 | _aSiete cuentos en los que el humor, el misterio, el terror van de la mano de ladrones de cadáveres, científicos locos, mujeres comunes y muy poco comunes, nobles y simples habitantes del campo o la ciudad. Siete cuentos de todo el mundo: alemanes, argentinos, estadounidenses e ingleses que atraviesan lo natural, lo sobrenatural y lo por venir. Siete cuentos difíciles de olvidar. | |
| 650 | 7 |
_aLiteratura _2embne |
|
| 655 | 7 |
_2embne _aCuento |
|
| 700 | 1 |
_aHenry, O., _d1862-1910 |
|
| 700 | 1 |
_aGüiraldes, Ricardo, _d1886-1927 |
|
| 700 | 1 |
_aKleist, Heinrich von, _d1777-1811. |
|
| 700 | 1 |
_aStevenson, Robert Louis, _d1850-1894 |
|
| 700 | 1 |
_aWells, H. G. _q(Herbert George), _d1866-1946 |
|
| 700 | 1 |
_aMitchell, Edward Page, _d1852-1927 |
|
| 700 | 1 |
_aPano, Juan Manuel _etr. |
|
| 700 | 1 |
_aPizzi, Laura _etr. |
|
| 942 |
_2udc _cOG _n0 |
||
| 999 |
_c993 _d993 |
||